000 00531nam a2200205Ia 4500
008 191130s2009##################000#0#eng##
020 _a9781439103982
022 _a2010515303
040 _aACL
_cACL
082 _a813.54 BEY
100 _aBeyer, Kirsten
245 _aUnworthy
_cKirsten Beyer
260 _aNew York
_bPocket Books
_c2009
300 _a372, [1] p. ; 18 cm
650 _aAmerican Fiction
650 _aStar Trek fiction
990 _a3084c1beac10000c0648a73012a37442
991 _a285860
999 _c86892
_d86892